MDQL
is popping MORE tags! Check the
thread
!
Quizzes
Events
Quiz Creation
Community
Videos
Private Events
Remove Ads
Sign In
Join for FREE
Feedback
Dark Mode
Quiz Categories
Sports
Geography
Music
Movies
Television
Just For Fun
Miscellaneous
History
Literature
Language
Science
Gaming
Entertainment
Religion
Holiday
For Kids
Quiz Lab
Recent
Popular Today
Quiz Kudos Today
Editor Picks
Curator Picks
Quizzes by...
Day
Popularity
Type
Ratings
Length
Year
Community
Subscriptions
Recent Discussions
Orange Saloon
Badges
Playlists
Quests
Create
Leaderboards
Showdown
Live 5
Trivia Bingo
Activity
Puzzle Library
Sporcle Events
Private Events
Virtual Trivia
Globe League
Become a Host
Pub Owners
SporcleCon
Opinionation
Our Games
Videos
Blog
Mobile Apps
Partnerships
Remove Ads and Go Orange
Feedback
Television
TV Characters
TV Show
Sitcom
Network
Friends
Reality Shows
Cast
South Park
Star Trek
The Simpsons
Doctor Who
Television
TV Characters
TV Show
Sitcom
Network
Friends
Reality Shows
Cast
South Park
Star Trek
The Simpsons
Doctor Who
Random Quiz
Search Sporcle
×
Curator Pick
Curator Pick
Television
Friends
Type in answers that appear in a list
Type in answers that appear in a list
Classic
Best Score? Go Orange.
Friends: TOW No One's Ready Stats
Can you name the events/key points from this Friends episode?
By
stewiegriffin
4m
15 Questions
2,795 Plays
2,795 Plays
2,795 Plays
Comments
Comments
Give Quiz Kudos
Give Quiz Kudos
-
- Ratings
hide this ad
Forced Order
Answers have to be entered in order
Answers have to be entered in order
Replay
Link that replays current quiz
Next Quiz
Link to next quiz in quiz playlist
You Got
0%
They Got
Avg Score
61%
Avg Friend Score
Upgrade to see
Score Distribution
Jump to the score distribution portion of the page
Score
0/15
Timer
04:00
0
Plays Today
Hint
Answer
% Correct
Whose event is the gang trying to attend?
Ross's
94.3%
The 'cider' Joey drinks is actually...
Fat
88.9%
Besides Joey, who is also going commando?
Rachel
85.8%
Who says 'Hey! Opposite is opposite!'
Joey
83.5%
Joey and Chandler argue about what?
Sitting in the chair
78.2%
Chandler says that the cushions are the what of the chair?
Essence
73.7%
Monica leaves a message on Richard's machine and ends it saying she's this:
I'm breezy
62.3%
What is Phoebe supporting when she says she'll be 'political'?
Christmas
60.3%
Hint
Answer
% Correct
Who's the 'bitch' who's always hated Monica?
Michelle
59.9%
What does Ross have on his watch?
Dinosaur
58.4%
Finish this quote: 'Uh huh. Yeah, right after I thank everyone for giving money to the museum, I sing a song about the wonder that is _
_
_
_
_
_
_
_
_
'
Joey
53.8%
Ross is willing to drink the fat to prove his love for Rachel. He compares the fat to what?
Vanilla milkshake
45.8%
Ross claims Phoebe is his star. She says he is her what?
Lucky penny
29.7%
When we first see Rachel, she's wearing two different colored socks. What are the colors?
Black and White
29.5%
What does Ross answer when Rachel asks why he didn't come over earlier?
Cuz I'm a stupid stupid man
25.3%
Quiz Playlist
Details
Report
Send in Message
Add To Playlist
Classic:
Type in answers that appear in a list
Forced Order:
Answers have to be entered in order
Last Updated: Feb 16, 2017
Curator Pick in
Friends
Quiz Scoreboard
CHALLENGE
Sign Up to Join the Scoreboard
Show All
Scores
Hide
Comments
May contain spoilers
Recently Published
Two Season TV Shows II
by 123Four
Television
10m
Image Sorting: Flags VI
by Barbecue
Geography
2m
Find the 'City' Movie
by crazypaving
Movies
60s
More to Explore
Quiz From the Vault
Featured Blog Post
14 Easter Pick-up Lines to Find Eggs With
hide this ad
You Might Also Like...
Tags
Friends Quiz
Today's Top Quizzes in Television
Browse Television
hide this ad
Today's Top Quizzes in Friends
Browse Friends
Top Contributed Quizzes in Television
1
Survivor Journey Challenge
2
Adjectives in 00s TV Shows
3
Brooklyn Nine Nine Logic Puzzle (How-To-Play)
4
Even More Two Season TV Shows
5
Total Drama Characters
6
Survivor Logic Puzzle: Heroes vs. Villains
7
Adjectives in 10s TV Shows
8
Survivor Heroes vs. Villains Logic Puzzle
9
Phoebe Buffay Quotes
10
Survivor Seasons
Explore More
Trending Topics
Anime
NBA
Harry Potter
Crossword
Kpop
Disney
Marvel
The Office
Pokémon
Puzzle
Song
NFL
Soccer
WWE
Country
hide this ad
More By:
stewiegriffin
Quiz
Plays
Rating
Category
Featured
Created
Friends: TOW No One's Ready
2,795
3.33
Television
Sep 28, 2010
F.R.I.E.N.D.S: The One with All the Names
1,022
5.00
Television
Feb 18, 2015
Friends: Who Am I?
635
3.50
Television
Oct 1, 2010
Recurring names in F.R.I.E.N.D.S
584
4.20
Television
Oct 23, 2010
Go to Creator's Profile
Score Distribution
Quiz Creator Spotlight
stewiegriffin
Follow
Send a Message
Quizzes Created
-
Created Quiz Play Count
-
More By This Creator
Popular Quizzes Today
1
Find the US States - No Outlines Minefield
2
Colored Red Africa Blitz
3
Find the 'City' Movie
4
5x2 Blitz: Bands
5
The Countries of the World
6
Find the Countries of Europe - No Outlines Minefield
7
Find the US States
8
US States
More Television Quizzes
Breaking Bad, Better Call Saul, or Both?
Published
Trending Quizzes
Colored Red Europe Blitz I
Colored Red Africa Blitz II
Colored Red Europe Blitz II
Colored Red Europe Blitz III
Colored Red Africa Blitz III
Recently Updated
How Do You Spell That?
pecheneg
Godzilla Movies
pecheneg
Grab Bag: 4-10 Letters
pecheneg
2024 March Madness Bracket
pecheneg
Famous TV Couples
Peacemaker
Champions League XIs: Real Madrid
pecheneg
Largest US Cities 1790-2010
pecheneg
Rides in Walt Disney World
pecheneg
Most Oscar Losses (Acting)
pecheneg
Beyoncé Albums
pecheneg
Trending Topics
Disney
Harry Potter
Anime
Marvel
Kpop
Crossword
NBA
Song
Country
NFL
Soccer
Puzzle
The Office
Pokémon
WWE
Your Account Isn't Verified!
In order to create a playlist on Sporcle, you need to verify the email address you used during registration. Go to your
Sporcle Settings
to finish the process.
Report this User
Report this user for behavior that violates our
Community Guidelines
.
Details:
Send Report
Go to the Sporcle.com Mobile Site →
Comments